[Event "GRE-chT Online Rapid op 1st"]
[Site "Tornelo INT"]
[Date "2021.02.21"]
[Round "8.39"]
[White "Tsisinos, Stavros"]
[Black "Chatzigavriil, Georgios A"]
[Result "1/2-1/2"]
[WhiteElo "1377"]
[BlackElo "1274"]
[PlyCount "86"]
[EventDate "2021.02.20"]
[EventType "team-swiss (rapid)"]
[EventRounds "9"]
[EventCountry "GRE"]
[SourceTitle "EXT 2023"]
[Source "ChessBase"]
[SourceDate "2022.10.05"]
[SourceVersion "1"]
[SourceVersionDate "2022.10.05"]
[SourceQuality "1"]

1. d4 d5 2. Nf3 c5 3. e3 Nf6 4. c3 e6 5. h3 Nc6 6. a3 Bd6 7. Bd3 0-0 8. 0-0 b6 9. b3 Bb7 10. Nbd2 Qc7 11. e4 dxe4 12. Nxe4 Nxe4 13. Bxe4 cxd4 14. cxd4 Ne7 15. Bxb7 Qxb7 16. Bb2 Nd5 17. Re1 Rfd8 18. b4 a5 19. bxa5 Rxa5 20. a4 Bb4 21. Re2 Bc3 22. Qc2 Bxb2 23. Qxb2 Rda8 24. Ng5 Rxa4 25. Rxa4 Rxa4 26. Kh2 Nf4 27. Re4 Nd5 28. Qc2 h6 29. Qxa4 hxg5 30. Re1 Nf4 31. f3 Nd3 32. Ra1 Qb8+ 33. g3 Qc7 34. Qa7 Qc2+ 35. Kg1 Qf2+ 36. Kh1 Qxg3 37. Qa8+ Kh7 38. Qe4+ g6 39. Qxd3 Qxh3+ 40. Kg1 Qg3+ 41. Kh1 Qh3+ 42. Kg1 Qg3+ 43. Kh1 Qh3+ 1/2-1/2